000 00627nam a22002537a 4500
003 UA-OsUOA
001 24396
007 ta
008 20040217b un ||||| |||| 00| 0 ukr d
100 _aБойчик І.М.
090 _a658(075.8)
_bБ77
942 _cBK
040 _aUA-OsUOA
_bukr
_cUA-OsUOA
_dUA-OsUOA
245 _aЕкономіка підприємств
_bНавчальний посібник
300 _a212 с.
955 _a0
041 _aukr
080 _a658(075.8)
020 _a966-7445-05-4
260 _aЛьвів
_bСполом
_c1998
044 _aUA
650 7 _2UDC
999 _c310667
_d310667